00553cam a22001813a 450000100060000000300060000600500170001200800410002904000150007004200070008510000290009224501000012126000290022150600300025051600200028083000290030085600420032942068PGUSA20140828083941.0130211s2013||||xxu|||||s|||||000 | eng d aPGUSAbeng adc1 aChambers, Charles Haddon14aThe Tyranny of Tears :bA Comedy in Four Actsh[electronic resource] /cCharles Haddon Chambers bProject Gutenberg,c2013 aPublic domain in the USA. aElectronic text 0aProject Gutenbergv4206840uhttp://www.gutenberg.org/ebooks/42068